ARRUPE JESUIT UNIVERSITY

CORONAVIRUS -STOP THE SPREAD - CLEAN,DISINFECT,COVER

Toward the decolonization of African literature / (Record no. 121160)

MARC details
000 -LEADER
fixed length control field 01155cam a2200337 a 4500
001 - CONTROL NUMBER
control field 2806608
003 - CONTROL NUMBER IDENTIFIER
control field ARRUPE
005 - DATE AND TIME OF LATEST TRANSACTION
control field 20141103143601.0
008 - FIXED-LENGTH DATA ELEMENTS--GENERAL INFORMATION
fixed length control field 821213s1983 dcu b 001 0 eng
010 ## - LIBRARY OF CONGRESS CONTROL NUMBER
LC control number 82023357
020 ## - INTERNATIONAL STANDARD BOOK NUMBER
International Standard Book Number 0882581228 :
Terms of availability $12.95
020 ## - INTERNATIONAL STANDARD BOOK NUMBER
International Standard Book Number 0882581236 (pbk.) :
Terms of availability $7.95
040 ## - CATALOGING SOURCE
Original cataloging agency DLC
Transcribing agency DLC
Modifying agency DLC
043 ## - GEOGRAPHIC AREA CODE
Geographic area code f------
050 00 - LIBRARY OF CONGRESS CALL NUMBER
Classification number PR9340
Item number .C48 1983
082 00 - DEWEY DECIMAL CLASSIFICATION NUMBER
Classification number 820/.9/96
Edition number 19
300 ## - PHYSICAL DESCRIPTION
Dimensions 21 cm.
100 0# - MAIN ENTRY--PERSONAL NAME
Personal name Chinweizu.
9 (RLIN) 12338
245 10 - TITLE STATEMENT
Title Toward the decolonization of African literature /
Statement of responsibility, etc by Chinweizu, Onwuchekwa Jemie, Ihechukwu Madubuike.
260 ## - PUBLICATION, DISTRIBUTION, ETC. (IMPRINT)
Place of publication, distribution, etc Washington, D.C. :
Name of publisher, distributor, etc Howard University Press,
Date of publication, distribution, etc 1983.
300 ## - PHYSICAL DESCRIPTION
Extent xviii, 318 p. ;
500 ## - GENERAL NOTE
General note No more published.
500 ## - GENERAL NOTE
General note Includes index.
504 ## - BIBLIOGRAPHY, ETC. NOTE
Bibliography, etc Bibliography: p. 309-314.
505 0# - FORMATTED CONTENTS NOTE
Formatted contents note v. 1. African fiction and poetry and their critics.
650 #0 - SUBJECT ADDED ENTRY--TOPICAL TERM
Topical term or geographic name as entry element African literature (English)
General subdivision History and criticism.
9 (RLIN) 12339
650 #0 - SUBJECT ADDED ENTRY--TOPICAL TERM
Topical term or geographic name as entry element Decolonization in literature.
9 (RLIN) 12340
700 1# - ADDED ENTRY--PERSONAL NAME
Personal name Jemie, Onwuchekwa,
Dates associated with a name 1940-
9 (RLIN) 12341
700 1# - ADDED ENTRY--PERSONAL NAME
Personal name Madubuike, Ihechukwu.
9 (RLIN) 12342
906 ## - LOCAL DATA ELEMENT F, LDF (RLIN)
a 7
b cbc
c orignew
d 1
e ocip
f 19
g y-gencatlg
942 ## - ADDED ENTRY ELEMENTS (KOHA)
Source of classification or shelving scheme Library of Congress Classification
Koha item type Monograph ( Printed materials)
Holdings
Withdrawn status Lost status Source of classification or shelving scheme Damaged status Not for loan Collection code Home library Current library Shelving location Date acquired Total Checkouts Full call number Barcode Date last seen Date checked out Price effective from Koha item type
    Library of Congress Classification     Main Collection ARRUPE LIBRARY ARRUPE LIBRARY Main Collection 03/11/2014 2 PR9340 .C48 1983 46500001284 09/11/2016 02/11/2016 03/11/2014 Monograph ( Printed materials)

 

Arrupe Library. PO Box MP320 Mt Pleasant, Harare, Zimbabwe
263 242 745411|librarian@aju.ac.zw